Principles of corporate finance / (Record no. 601086)

000 -LEADER
fixed length control field 00342nam a2200121Ia 4500
008 - FIXED-LENGTH DATA ELEMENTS--GENERAL INFORMATION
fixed length control field 230907s9999||||xx |||||||||||||| ||und||
082 ## - DEWEY DECIMAL CLASSIFICATION NUMBER
Classification number 658.15
Author Mark BRE
100 ## - MAIN ENTRY--PERSONAL NAME
Personal name Brealey, Richard A.
9 (RLIN) 83714
245 #0 - TITLE STATEMENT
Title Principles of corporate finance /
260 ## - PUBLICATION, DISTRIBUTION, ETC.
Place of publication, distribution, etc. McGraw-Hill Irwin,
Name of publisher, distributor, etc. New York :
Date of publication, distribution, etc. 2011
300 ## - PHYSICAL DESCRIPTION
Extent 1 v. (various pages) :
942 ## - ADDED ENTRY ELEMENTS (KOHA)
Koha item type Book
Holdings
Withdrawn status Lost status Damaged status Not for loan Permanent Location Current Location Date acquired Total Checkouts Full call number Barcode Date last seen Price effective from Koha item type
        US-Pakistan Center for Advanced Studies in Energy (USPCAS-E) US-Pakistan Center for Advanced Studies in Energy (USPCAS-E) 11/19/2019   658.15 BRE CAS-E0005185 09/12/2023 09/12/2023 Book
© 2023 Central Library, National University of Sciences and Technology. All Rights Reserved.